01384nam a2200337 i 4500001001000000003000900010005001700019007000300036008004100039020001500080040003000095041000800125082002700133100005500160245009700215250001200312264007800324300006700402336002700469337003500496338002900531490004800560500002100608650005400629650006700683650005200750910003700802942001400839952017600853999001701029000042392DO-SdBNP20251010101557.0ta131128s2005 dr ac 001 0 spa d a9993491381 aDO-SdBNPbspacBNPHUerda aspa 4a781.6297293bC436a2221 aChaljub Mejía, Rafaeld1942-918985eautor4aut.10aAntes de que te vayas... :btrayectoria del merengue folclórica /cRafael Chaljub Mejía. a2a. ed. 4aSanto Domingo, República Dominicana : bGrupo León Jimenes,c©2005. axxxii, 416, [1] páginas :bilustraciones, retratos ;c26 cm. atextobtxt2rdacontent asin mediación bn2rdamedia  avolumenbnc2rdacarrier 0 aColección Centenario Grupo León Jimenes aIncluye índice 4aMerengue (Música)91101zRepública Dominicana 0aMúsica folclórica953029xMerenguezRepública Dominicana 0aMúsica popular938078zRepública Dominicana aValidado. Control de calidad/MAA 2ddccLBS1 00102ddc51708PDaBNPHUbBNPHUcHDd2013-11-28eDonado por Alfonso Quiñonez l0oBNPHU PD 781.6397293 C436a 2005p42392-10r2020-06-25w2020-06-25yLBS1ZNo se presta c41881d41881